000 00596nam a2200193 i 4500
001 38662
003 ES-MaACL
005 20230906155810.0
007 t|
008 030226s1972 sp |||| | spa d
100 1 _aCalímaco.
_933673
245 1 0 _aHimnos /
_ctraducción del griego, introducción y notas de María Elena del Río y María Teresa Forero de Asman.
250 _a1ª ed.
260 _a[Madrid] :
_bAguilar,
_c1972.
300 _a120 p. ;
_c19 cm.
700 1 _aRío, María Elena del.
_997310
700 1 _aForero de Asman, María Teresa.
_951724
852 _aES-MaACL
_jC-49785
999 _c38662
_d38662